000 00703nam a22002297a 4500
001 sjds170202
003 sjds
005 20171024135204.0
008 171024b ohu||||| |||| 00| 0 spa d
020 _a9780026871846 (pbk.)
020 _a002687184X (pbk.)
040 _csjds
041 _aspa
_heng
100 1 _aRylant, Cynthia
240 _aThe relatives came
245 _aVinieron los parientes /
_ccuento de Cynthia Rylant ; illustraciones de Stephen Gammell ; traduccion de Alma Flor Ada.
260 _aColumbus, Ohio :
_bSRA Macmillan/McGraw-Hill,
_c1995, c1985.
300 _a[32] p. :
_bcol. ill. ;
_c27 cm.
700 1 _aGammell, Stephen
700 1 _aAda, Alma Flor
942 _cBK
999 _c19033
_d19033